<?xml version="1.0" encoding="UTF-8"?>
<record
    xmlns:xsi="http://www.w3.org/2001/XMLSchema-instance"
    xsi:schemaLocation="http://www.loc.gov/MARC21/slim http://www.loc.gov/standards/marcxml/schema/MARC21slim.xsd"
    xmlns="http://www.loc.gov/MARC21/slim">

  <leader>01745nam a2200301 u 4500</leader>
  <controlfield tag="001">000048096</controlfield>
  <controlfield tag="005">20200120222550.0</controlfield>
  <controlfield tag="008">120328s2008    ck a   ar     000 0 spa d</controlfield>
  <datafield tag="020" ind1=" " ind2=" ">
    <subfield code="a">9789583030567</subfield>
  </datafield>
  <datafield tag="041" ind1="0" ind2=" ">
    <subfield code="a">spa</subfield>
  </datafield>
  <datafield tag="043" ind1=" " ind2=" ">
    <subfield code="a">s-ck---</subfield>
  </datafield>
  <datafield tag="082" ind1="0" ind2="4">
    <subfield code="a">972.01</subfield>
    <subfield code="b">M17</subfield>
    <subfield code="2">21</subfield>
  </datafield>
  <datafield tag="100" ind1="1" ind2=" ">
    <subfield code="a">Matthews, Rupert</subfield>
  </datafield>
  <datafield tag="245" ind1="1" ind2="0">
    <subfield code="a">&#xA1;No te gustar&#xED;a ser un adivino maya! /</subfield>
    <subfield code="c">Rupert Matthews ; ilustraciones: David Antram ; traducci&#xF3;n: Yolanda Enciso Pati&#xF1;o ; creado y dise&#xF1;ado: David Salariya.</subfield>
  </datafield>
  <datafield tag="250" ind1=" " ind2=" ">
    <subfield code="a">1a. ed.</subfield>
  </datafield>
  <datafield tag="260" ind1=" " ind2=" ">
    <subfield code="a">Bogot&#xE1; :</subfield>
    <subfield code="b">Panamericana,</subfield>
    <subfield code="c">2008.</subfield>
  </datafield>
  <datafield tag="300" ind1=" " ind2=" ">
    <subfield code="a">32 p. :</subfield>
    <subfield code="b">il. col.</subfield>
  </datafield>
  <datafield tag="490" ind1=" " ind2="0">
    <subfield code="a">No te gustar&#xED;a ser</subfield>
  </datafield>
  <datafield tag="500" ind1=" " ind2=" ">
    <subfield code="a">Incluye &#xED;ndice</subfield>
  </datafield>
  <datafield tag="520" ind1="3" ind2=" ">
    <subfield code="a">"El adivino maya era considerado un hombre sagrado. Sus descendientes eran instruidos desde ni&#xF1;os, para convertirse, a su vez, en hombres sagrados. Al crecer pod&#xED;an dedicarse a tres diferentes oficios: contadores, cronistas o adivinos. De estas tres posibilidades, la m&#xE1;s conveniente era convertirse en adivino maya. Sin embargo, el camino no era f&#xE1;cil. Este libro narra de manera divertida, las obligaciones y recompensas de ser uno de ellos. Los maravillosos libros de la serie &#xA1;No te gustar&#xED;a ser...! transportan al joven lector, quien es el protagonista, al pasado a partir de la ambientaci&#xF3;n de la &#xE9;poca, para que descubra de una manera entretenida los hechos hist&#xF3;ricos de la humanidad."</subfield>
  </datafield>
  <datafield tag="650" ind1="1" ind2="4">
    <subfield code="a">Mayas</subfield>
    <subfield code="x">Historia</subfield>
    <subfield code="v">Libros ilustrados para ni&#xF1;os</subfield>
  </datafield>
  <datafield tag="650" ind1="2" ind2="4">
    <subfield code="a">Mayas</subfield>
    <subfield code="x">Vida social y costumbres</subfield>
    <subfield code="v">Libros ilustrados para ni&#xF1;os</subfield>
  </datafield>
  <datafield tag="650" ind1="2" ind2="4">
    <subfield code="a">Mayas</subfield>
    <subfield code="x">Ritos y ceremonias</subfield>
    <subfield code="v">Libros ilustrados para ni&#xF1;os</subfield>
  </datafield>
  <datafield tag="650" ind1="2" ind2="4">
    <subfield code="a">Mitolog&#xED;a maya</subfield>
  </datafield>
  <datafield tag="700" ind1="1" ind2=" ">
    <subfield code="a">Antram, David,</subfield>
    <subfield code="d">1958-</subfield>
    <subfield code="e">il.</subfield>
  </datafield>
  <datafield tag="700" ind1="1" ind2=" ">
    <subfield code="a">Enciso Pati&#xF1;o, Yolanda,</subfield>
    <subfield code="e">tr.</subfield>
  </datafield>
  <datafield tag="700" ind1="1" ind2=" ">
    <subfield code="a">Salariya, David,</subfield>
    <subfield code="e">dise.</subfield>
  </datafield>
  <datafield tag="999" ind1=" " ind2=" ">
    <subfield code="c">3075</subfield>
    <subfield code="d">3075</subfield>
  </datafield>
  <datafield tag="952" ind1=" " ind2=" ">
    <subfield code="0">0</subfield>
    <subfield code="1">0</subfield>
    <subfield code="2">ddc</subfield>
    <subfield code="4">0</subfield>
    <subfield code="7">0</subfield>
    <subfield code="8">GEN</subfield>
    <subfield code="a">BPMOS</subfield>
    <subfield code="b">BPMOS</subfield>
    <subfield code="d">2020-01-20</subfield>
    <subfield code="i">112755</subfield>
    <subfield code="l">0</subfield>
    <subfield code="o">972.01 M17</subfield>
    <subfield code="p">MOS012051</subfield>
    <subfield code="r">2020-01-20</subfield>
    <subfield code="t">ej.1</subfield>
    <subfield code="w">2020-01-20</subfield>
    <subfield code="y">BK</subfield>
    <subfield code="z">Ocho d&#xED;as</subfield>
  </datafield>
  <datafield tag="952" ind1=" " ind2=" ">
    <subfield code="0">0</subfield>
    <subfield code="1">0</subfield>
    <subfield code="2">ddc</subfield>
    <subfield code="4">0</subfield>
    <subfield code="7">0</subfield>
    <subfield code="8">GEN</subfield>
    <subfield code="a">BPMOS</subfield>
    <subfield code="b">BPMOS</subfield>
    <subfield code="d">2020-01-20</subfield>
    <subfield code="i">112754</subfield>
    <subfield code="l">0</subfield>
    <subfield code="o">972.01 M17</subfield>
    <subfield code="p">MOS012052</subfield>
    <subfield code="r">2020-01-20</subfield>
    <subfield code="t">ej.2</subfield>
    <subfield code="w">2020-01-20</subfield>
    <subfield code="y">BK</subfield>
    <subfield code="z">Ocho d&#xED;as</subfield>
  </datafield>
  <datafield tag="952" ind1=" " ind2=" ">
    <subfield code="0">0</subfield>
    <subfield code="1">0</subfield>
    <subfield code="2">ddc</subfield>
    <subfield code="4">0</subfield>
    <subfield code="7">0</subfield>
    <subfield code="8">GEN</subfield>
    <subfield code="a">BPMOS</subfield>
    <subfield code="b">BPMOS</subfield>
    <subfield code="d">2020-01-20</subfield>
    <subfield code="i">112753</subfield>
    <subfield code="l">0</subfield>
    <subfield code="o">972.01 M17</subfield>
    <subfield code="p">MOS012053</subfield>
    <subfield code="r">2020-01-20</subfield>
    <subfield code="t">ej.3</subfield>
    <subfield code="w">2020-01-20</subfield>
    <subfield code="y">BK</subfield>
    <subfield code="z">Ocho d&#xED;as</subfield>
  </datafield>
  <datafield tag="952" ind1=" " ind2=" ">
    <subfield code="0">0</subfield>
    <subfield code="1">0</subfield>
    <subfield code="2">ddc</subfield>
    <subfield code="4">0</subfield>
    <subfield code="5">1</subfield>
    <subfield code="7">0</subfield>
    <subfield code="8">GEN</subfield>
    <subfield code="a">BPMOS</subfield>
    <subfield code="b">BPMOS</subfield>
    <subfield code="c">GEN</subfield>
    <subfield code="d">2026-03-25</subfield>
    <subfield code="e">Compra 2025</subfield>
    <subfield code="i">NT</subfield>
    <subfield code="l">0</subfield>
    <subfield code="o">972.01 M17</subfield>
    <subfield code="p">MOS504798</subfield>
    <subfield code="r">2026-03-25</subfield>
    <subfield code="t">Ej.4</subfield>
    <subfield code="w">2026-03-25</subfield>
    <subfield code="y">BK</subfield>
    <subfield code="z">Ocho d&#xED;as</subfield>
  </datafield>
</record>
